La nueva organización capitalista mundial vista desde el sur / (Record no. 13389)

MARC details
000 -LEADER
campo de control de longitud fija 01102nam a2200301 i 4500
001 - NÚMERO DE CONTROL
campo de control 13389
003 - IDENTIFICADOR DE NÚMERO DE CONTROL
campo de control ES-MaACL
005 - FECHA Y HORA DE LA ÚLTIMA TRANSACCIÓN
campo de control 20251001154921.0
007 - CAMPO FIJO DE DESCRIPCIÓN FÍSICA--INFORMACIÓN GENERAL
campo de control de longitud fija t|
008 - DATOS DE LONGITUD FIJA--INFORMACIÓN GENERAL
campo de control de longitud fija 971014m19951996sp ||||0| spa j
020 ## - NÚMERO INTERNACIONAL ESTÁNDAR DEL LIBRO
Número Internacional Estándar del Libro 84-7658-479-2
040 ## - FUENTE DE CATALOGACIÓN
Centro catalogador/agencia de origen M-BN
Lengua de catalogación spa
Centro/agencia transcriptor M-BN
080 ## - NÚMERO DE LA CLASIFICACIÓN DECIMAL UNIVERSAL
Número de la Clasificación Decimal Universal 338.1(100-773)
080 ## - NÚMERO DE LA CLASIFICACIÓN DECIMAL UNIVERSAL
Número de la Clasificación Decimal Universal 32(100-773)
245 03 - MENCIÓN DEL TÍTULO
Título La nueva organización capitalista mundial vista desde el sur /
Mención de responsabilidad, etc. Samir Amin, Pablo González Casanova (dirs.).
250 ## - MENCION DE EDICION
Mención de edición 1ª ed.
260 ## - PUBLICACIÓN, DISTRIBUCIÓN, ETC.
Lugar de publicación, distribución, etc. Barcelona :
Nombre del editor, distribuidor, etc. Anthropos,
Fecha de publicación, distribución, etc. 1995-1996.
300 ## - DESCRIPCIÓN FÍSICA
Extensión 2 v. ;
Dimensiones 20 cm.
490 1# - MENCIÓN DE SERIE
Mención de serie Autores, textos y temas. Ciencias sociales ;
Designación de volumen o secuencia 7-8
505 8# - NOTA DE CONTENIDO CON FORMATO
Nota de contenido con formato 1. Mundialización y acumulación 2. El estado y la política en el sur del mundo
651 #4 - PUNTO DE ACCESO ADICIONAL DE MATERIA--NOMBRE GEOGRÁFICO
Nombre geográfico Países en desarrollo-
Subdivisión general Situación económica.
9 (RLIN) 9186
651 #4 - PUNTO DE ACCESO ADICIONAL DE MATERIA--NOMBRE GEOGRÁFICO
Nombre geográfico Países en desarrollo-
Subdivisión general Política y gobierno.
9 (RLIN) 9183
700 1# - ENTRADA AGREGADA--NOMBRE PERSONAL
Nombre de persona Amin, Samir.
9 (RLIN) 21256
700 1# - ENTRADA AGREGADA--NOMBRE PERSONAL
Nombre de persona González Casanova, Pablo,
Fechas asociadas al nombre 1922-
9 (RLIN) 58497
830 0# - PUNTO DE ACCESO ADICIONAL DE SERIE-TÍTULO UNIFORME
Título uniforme Autores, textos y temas. Ciencias sociales ;
Designación de volumen o secuencia 7-8
9 (RLIN) 178372
852 ## - LOCALIZACIÓN
Ubicación ES-MaACL
Número de control de estantería L-20752-53
Sublocalización o colección R.125045
Holdings
Estatus retirado Estado de pérdida Estado de daño No para préstamo Biblioteca de origen Biblioteca actual Ubicación en estantería Fecha de adquisición Fuente de adquisición Total de préstamos Signatura topográfica completa Código de barras Visto por última vez Precio de reemplazo Tipo de ítem Koha
        Biblioteca del Ateneo de Madrid Biblioteca del Ateneo de Madrid Depósito 2 17/01/2008     L-20752-53 1013632 23/02/2023 23/02/2023 Libro impreso